000 00368nam a22000977a 4500
100 _aसचदेवा,रिचा
_979520
245 _aविश्‍व की चर्चित कहानियां
260 _aदिल्‍ली
_bसूर्योदय प्रकाशन
_c2015
650 _aचिल्‍ड्रन बुक
_9159
942 _cHIN
999 _c63157
_d63157